BIBLIOTHÈQUE DE LA MAISON DU MEXIQUE

Logo 1 Logo 2

Ruth D. Lechuga (notice nᵒ 5104)

détails MARC
000 -Sello discográfico
campo de control de longitud fija 01392nam0a2200421 4500
005 - Identificación de versión
campo de control 20251016084007.0
010 ## - Número Estándar Internacional de Libros (ISBN)
Número (ISBN) 970-683-056-1
035 ## - Otros números de control del sistema
Número de control del sistema 32969
035 ## - Otros números de control del sistema
Número de control del sistema 3668
099 ## - fechas locales
Tipo de ítem Koha LIBRO
100 ## - Datos de procesamiento general
Datos de procesamiento general 20110927d2002 m y0spay5003 ba
101 1# - Idioma del recurso
Idioma del texto, banda sonora, etc. Español; Castellano
-- Inglés
105 ## - Campo de datos codificados: Material textual, monográfico
Datos codificados de monografía a 001zy
200 1# - Título y mención de responsabilidad
Título propio Ruth D. Lechuga
Designación general del material texto impreso
Otra información del título una memoria mexicana
Primer mención de responsabilidad Ruth D. Lechuga, José Antonio Rodríguez
Declaración de responsabilidad subsiguiente traducción Richard Moszka
210 ## - Publicación, distribución, etc.
Lugar de publicación, distribución, etc. México
Nombre del editor, distribuidor, etc. Museo Franz Mayer
-- Artes de México
Fecha de publicación, distribución, etc. 2002
215 ## - Descripción física
Designación de material específico y extensión del ítem 83 p
Otras características físicas principalmente fot.
Dimensiones 23 cm
300 ## - Notas generales
Texto de la nota Edición bilingüe español inglés
318 ## - Nota de acción
Acción No se presta a domicilio
345 ## - Nota de información de adquisición
Fuente de adquisición/dirección de la suscripción [OBSOLETO] Donación 'Salon du Livre 2009'
410 #1 - Series
Título Colección Uso y Estilo
Número de volumen 9
606 ## - Término temático usado como materia
Elemento de entrada Fotografía artística
Subdivisión geográfica México
Número Koha 10049
606 ## - Término temático usado como materia
Elemento de entrada Indios de México
Subdivisión temática Fotografías
Número Koha 10050
700 ## - Nombre personal - Responsabilidad primaria
Elemento de entrada Lechuga
Parte del nombre distinta del elemento de entrada Ruth Deutsch
Fechas 1920-2004
Número Koha 2408
701 ## - Nombre personal - Responsabilidad alternativa
Elemento de entrada Rodríguez
Parte del nombre distinta del elemento de entrada José Antonio
Número Koha 1780
702 ## - Nombre personal - Responsabilidad secundaria
Elemento de entrada Moszka
Parte del nombre distinta del elemento de entrada Richard
Número Koha 10051
801 #0 - Fuente de origen
País FR
Agencia cm
Reglas de catalogación (convenciones descriptivas) AFNOR
900 ## -
-- 1/20564
942 ## - ELEMENTOS DE ENTRADA SECUNDARIOS (KOHA)
Tipo de ítem Koha Livre
996 ## -
-- MEX
-- 751145101
-- MMAG
-- 000456
-- R702 A781 V.9
-- 20110927LIV
996 ## -
-- MEX
-- 751145101
-- MMAG
-- 003016
-- 702 A781 V.9
-- 20120705LIV
Exemplaires
Estatus retirado Estado de daño Estado de pérdida Fecha de adquisición Biblioteca de origen Biblioteca actual Ubicación en estantería Código de barras Precio de reemplazo Signatura topográfica completa No para préstamo Tipo de ítem Koha Nota pública Nota no pública
      05/08/2025 Casa México Paris Casa México Paris   000456 05/08/2025 R702 A781 V.9 No se presta a domicilio Livre 20110927LIV 751145101